|
|
|
|
| LEADER |
00651cam a2200205 7i4500 |
| 001 |
0000028672 |
| 005 |
20170218090000.0 |
| 020 |
|
|
|a 9788120310490 (hbk.)
|
| 020 |
|
|
|a 8120310497 (pbk.)
|
| 090 |
0 |
0 |
|a HD31
|b .T57 2007
|
| 100 |
1 |
|
|a Tirole, Jean
|
| 245 |
1 |
4 |
|a The theory of industrial organizations
|c Jean Tirole.
|
| 260 |
|
|
|a New Delhi:
|b Prentice Hall of India Pvt. Ltd.,
|c 2007.
|
| 300 |
|
|
|a xii, 479 p.;
|c 28 cm.
|
| 500 |
|
|
|a Includes index
|
| 650 |
0 |
0 |
|a Industrial sociology
|
| 650 |
0 |
0 |
|a Industrial organization
|
| 650 |
0 |
0 |
|a Organization
|
| 997 |
|
|
|a Business & Accountancy, Faculty
|
| 999 |
|
|
|a 0000035344
|b BOK
|c OPEN SHELF
|e 1st Floor, Bestari Jaya
|